Orthopedics ready reckoner

Saved in:
Bibliografiske detaljer
Hovedforfatter: SHENOY, RM
Format: Bog
Sprog:engelsk
Udgivet: Jaypee Brothers Medical 2013
Tags: Tilføj Tag
Ingen Tags, Vær først til at tagge denne postø!

MARC

LEADER 00000nam a22000007a 4500
008 240820b |||||||| |||| 00| 0 eng d
020 |a 9789350903605 
100 |a SHENOY, RM 
245 |a Orthopedics ready reckoner  |c ?RM Shenoy  |g 196p;ill 
250 |b 2nd 
260 |b Jaypee Brothers Medical  |c 2013  |h New Delhi  |i 699973  |i 699974  |l RD731.Sh3  |m Orthopedics 
500 |a it includes index 
942 |a lcc  |c BK  |e JOHNSON 
952 |0 0  |1 0  |2 lcc  |4 0  |6 RD0731 S H3  |7 0  |9 5502  |a HE  |b HOL  |c QZ  |d 2024-08-20  |l 0  |o RD731.Sh3  |p 2024-0742  |r 2024-08-20 00:00:00  |t 699973  |w 2024-08-20  |y BK 
952 |0 0  |1 0  |2 lcc  |4 0  |6 RD0731 S H3  |7 0  |9 5503  |a HOL  |b HOL  |c QZ  |d 2024-08-20  |l 0  |o RD731.Sh3  |p 2024-0743  |r 2024-08-20 00:00:00  |t 699974  |w 2024-08-20  |y BK 
999 |c 2717  |d 2717